Statistiques concernant Focus sur: Eldred Worpel - Harry Potter

Cliquez ici pour prendre le quiz!

Statistiques générales

  • Ce quiz a été pris 20 fois
  • Le résultat moyen est 5 sur 6

Statistiques - réponses

Informations recherchéesRéponses% Correct
Ecole fréquentéePoudlard
100%
Lieu de rencontre avec Harry PotterPoudlard (soirée de Slugghorn)
100%
Première apparitionHarry Potter et le Prince de Sang-Mêlé
95%
ŒuvreFrères de Sang: Ma Vie chez les Vampires
80%
ProfessionAuteur
75%
Acteur l'interprétant dans les filmsPaul Ritter
20%

Distribution des résultats

Percentile par nombre de réponses

% des personnes avec chaque résultat

Votre développement - résultats

Vous n’avez pas pris ce quiz